00552nam a2200205 a 4500001001300000003000900013005001700022008004100039020002300080082001500103100002600118245004400144260003300188300000900221500003500230505001000265650002100275650002400296700002600320nice12345678IN_TiNIC20260116013150.0050524s1988 newa grp 000 0 eng  a0883441 c83300a241.6bKAM aKammer Iii, Charles L aEthics and Liberationb an Introduction aNew YorkbOrbis Books c1988 a243p aincludes index and biblioraphy2 aIndex aChristian-Ethics aLiberation-Theology1 aKammer Iii, Charles L